000 00403nam a2200145Ia 4500
008 240729s9999 xx 000 0 und d
022 _a2686-2611
245 0 _aIndonesian Journal of Advocacy and Legal Services
260 _aIndonesia
260 _bUniversitas Negeri Semarang
650 _aLaw
856 _uhttps://doaj.org/toc/76eef651412b441e952d19020bddd3e7
942 _2ddc
942 _cDOAJEJ
999 _c69998
_d69998
945 _a1
_bMadushi Gamage
_c1
_dMadushi Gamage